000 00285nam a2200109Ia 4500
008 200302s9999 xx 000 0 und d
100 _aPhilip Jodidio
245 _aRenzo piano building workshop the poetry of flight
260 _bTaschen Gmbh Publishing
260 _c2016
300 _a96
999 _c6249
_d6249